[Event "AUTO-ADV-4933"]
[Site "http://www.queenalice.com/game.php?id=1872615"]
[Date "2026.4.29"]
[Round "1"]
[White "EduardoRo"]
[Black "zubarev"]
[Result "0-1"]
[WhiteElo "1645"]
[BlackElo "2008"]

1. e4 e5 2. Nf3 Nc6 3. Bb5 d6 4. O-O Bd7 5. c3 Be7 6. d4 Nf6 7. dxe5 Nxe5 8.
Nxe5 dxe5 9. Bxd7+ Nxd7 10. Be3 O-O 11. Nd2 f5 12. exf5 Rxf5 13. Ne4 Rf8 14. b4
Nf6 15. Nxf6+ Bxf6 16. Qxd8 Raxd8 17. Bxa7 b6 18. a4 e4 19. a5 Bxc3 20. Rad1 Ra8
21. Bxb6 cxb6 22. axb6 Rab8 23. f4 Rxb6 24. Rc1 Bxb4 25. g4 Bd2 26. Rc4 e3 27.
Re4 Kf7 28. Kg2 Re8 29. Re5 Rxe5 30. fxe5+ Ke6 31. Kf3 Kxe5 32. Ke2 Rf6 33. Rxf6
gxf6 34. Kf3 Kd4 35. Ke2 h6 36. h4 Ke4 37. g5 fxg5 38. hxg5 hxg5 39. Kd1 Bc3 0-1

[Event "AUTO-ADV-4933"]
[Site "http://www.queenalice.com/game.php?id=1872622"]
[Date "2026.4.29"]
[Round "1"]
[White "Capixabba789"]
[Black "EduardoRo"]
[Result "0-1"]
[WhiteElo "1876"]
[BlackElo "1636"]

1. d4 d5 2. Nc3 Nf6 3. e3 e6 4. f4 Bb4 5. Bd2 O-O 6. Nf3 b6 7. Bd3 Bb7 8. O-O
Nbd7 9. Ne2 Bxd2 10. Qxd2 c5 11. dxc5 Nxc5 12. Ng3 Nxd3 13. cxd3 Ng4 14. d4 Ba6
15. Rfe1 Rc8 16. e4 Bc4 17. e5 f6 18. exf6 Rxf6 19. b3 Ba6 20. Ne5 Nxe5 21. fxe5
Rg6 22. a4 Qh4 23. Rac1 Rxc1 24. Rxc1 Rg4 25. Qc3 Rxd4 26. Qc6 Qe7 27. Nh5 Bb7
28. Qc3 Rh4 29. Ng3 a5 30. Qc7 Qxc7 31. Rxc7 Ba6 32. Rc6 Rb4 33. Rxe6 Rxb3 34.
Re7 Ra3 35. e6 Kf8 36. Rf7+ Ke8 37. Rxg7 Rxa4 38. Nf5 Ra1+ 39. Kf2 Rf1+ 40. Ke3
Rxf5 41. Rxh7 Re5+ 42. Kd4 Rxe6 43. Kxd5 Rg6 44. g3 Bd3 45. Ke5 Rg5+ 0-1

[Event "AUTO-ADV-4933"]
[Site "http://www.queenalice.com/game.php?id=1872623"]
[Date "2026.4.29"]
[Round "1"]
[White "EduardoRo"]
[Black "Capixabba789"]
[Result "0-1"]
[WhiteElo "1643"]
[BlackElo "1869"]

1. e4 e5 2. Nf3 d6 3. Bc4 Be7 4. O-O Nf6 5. c3 O-O 6. d4 exd4 7. cxd4 Bg4 8. Nc3
Nc6 9. Be3 a6 10. h3 Bxf3 11. Qxf3 b5 12. Bb3 Na7 13. Rfd1 b4 14. e5 Ne8 15. Ne4
Kh8 16. a4 d5 17. Nc5 Bxc5 18. dxc5 c6 19. Rd4 Nc7 20. Rad1 Ne6 21. Rh4 Qxh4 22.
g4 Nc8 23. Kg2 Ne7 24. Qg3 Qxg3+ 25. Kxg3 a5 26. f4 Rfd8 27. f5 d4 28. fxe6 dxe3
29. Rxd8+ Rxd8 30. exf7 g6 31. e6 Kg7 32. Kf3 Rd3 33. Bc4 e2+ 34. Kxe2 Rxh3 35.
Kf2 g5 36. b3 h5 37. gxh5 Rxh5 38. Kf3 Rh4 39. Kg3 Rf4 40. Kg2 Kh6 41. Kg3 Kg7
42. Be2 Kf8 43. Bd3 Nd5 44. Bg6 Nc7 45. e7+ Kxe7 46. Bh5 Ne6 0-1

[Event "AUTO-INT-3967"]
[Site "http://www.queenalice.com/game.php?id=1872665"]
[Date "2026.4.29"]
[Round "1"]
[White "ajr"]
[Black "EduardoRo"]
[Result "0-1"]
[WhiteElo "1717"]
[BlackElo "1675"]

1. d4 d5 2. h3 Bf5 3. Nc3 Nf6 4. g4 Be4 5. f3 Bg6 6. Bg5 h6 7. Bxf6 exf6 8. a3
Bd6 9. Kf2 O-O 10. Nxd5 Nc6 11. e3 Bg3+ 12. Kxg3 Qxd5 13. c4 Qd6+ 14. f4 Be4 15.
Bg2 Bxg2 16. Kxg2 g5 17. c5 Qd5+ 18. Nf3 f5 19. Qd3 Rae8 20. Rhe1 fxg4 21. hxg4
gxf4 22. exf4 Rxe1 23. Rxe1 Kh8 24. b3 Rg8 25. Kg3 f5 26. Ne5 Nxe5 27. Rxe5
Rxg4+ 28. Kf2 Qg2+ 0-1

[Event "AUTO-INT-3967"]
[Site "http://www.queenalice.com/game.php?id=1872666"]
[Date "2026.4.29"]
[Round "1"]
[White "EduardoRo"]
[Black "ajr"]
[Result "1-0"]
[WhiteElo "1779"]
[BlackElo "1716"]

1. e4 c5 2. Nf3 a6 3. Bc4 e6 4. O-O b5 5. Be2 Bb7 6. Nc3 Nc6 7. d4 h6 8. dxc5
Bxc5 9. Bf4 Nf6 10. e5 Ng4 11. a3 Qb6 12. b4 Bd4 13. Nxd4 Nxd4 14. Bxg4 Rc8 15.
Qd2 Nf5 16. Bxf5 exf5 17. Rfe1 Qc6 18. f3 Qxc3 19. Qxc3 Rxc3 20. Re2 Ke7 21. Ra2
Bd5 22. Ra1 h5 23. Bg5+ Ke6 24. h3 Rhc8 25. Bf4 Rxc2 26. Rxc2 Rxc2 27. Kf1 Bc4+
28. Kg1 f6 29. g3 Bd5 30. Rf1 Rc3 31. Kg2 g5 32. Bd2 Rxa3 33. exf6 Kxf6 34. Ra1
Rxa1 35. Bc3+ Ke6 36. Bxa1 d6 37. Kf2 Bc6 38. g4 h4 39. gxf5+ Kxf5 40. Bd4 d5
41. Ke3 Bd7 42. Kf2 Kf4 43. Be3+ Kf5 44. Ke2 Ke5 45. Bxg5 a5 46. bxa5 Bc8 47.
Bxh4 Ba6 48. Bg3+ Kd4 49. Kd2 b4 50. Kc2 Kc4 51. h4 Bc8 52. h5 Kb5 53. h6 Kxa5
54. f4 Ka4 55. Kb2 d4 56. h7 1-0

[Event "AUTO-INT-3969"]
[Site "http://www.queenalice.com/game.php?id=1873585"]
[Date "2026.5.19"]
[Round "1"]
[White "ajr"]
[Black "EduardoRo"]
[Result "0-1"]
[WhiteElo "1701"]
[BlackElo "1768"]

1. d4 d5 2. Nc3 Nf6 3. h3 e6 4. a3 Bd6 5. Bg5 O-O 6. e3 Nc6 7. Nf3 a6 8. Bd3 b5
9. b4 e5 10. Bxf6 Qxf6 11. Nxd5 Qe6 12. e4 Nxd4 13. Nxd4 exd4 14. O-O Qe5 15. f4
Qe6 16. f5 Qe5 17. Nf4 a5 18. Qe2 Bd7 19. Bxb5 Bxb5 0-1

[Event "AUTO-OPEN-4653"]
[Site "http://www.queenalice.com/game.php?id=1873611"]
[Date "2026.5.21"]
[Round "1"]
[White "Tonto"]
[Black "EduardoRo"]
[Result "1-0"]
[WhiteElo "1990"]
[BlackElo "1768"]

1. e4 e5 2. Nf3 Nc6 3. Be2 Nf6 4. d3 Bc5 5. Bg5 d6 6. Nc3 O-O 7. Nd5 Be6 8.
Nxf6+ gxf6 9. Bh4 Kh8 10. Qd2 Nd4 11. Nxd4 Bxd4 12. Qh6 Kg8 13. Bxf6 Qxf6 14.
Qxf6 Bxb2 15. Rb1 Bc3+ 16. Kf1 b6 17. h4 c5 18. h5 Rfe8 19. h6 Kf8 20. Rh4 Re7
21. Qh8# 1-0

[Event "AUTO-OPEN-4653"]
[Site "http://www.queenalice.com/game.php?id=1873659"]
[Date "2026.5.21"]
[Round "1"]
[White "EduardoRo"]
[Black "josebaron"]
[Result "0-1"]
[WhiteElo "1700"]
[BlackElo "2188"]

1. e4 e5 2. Nf3 Nc6 3. Bc4 Bc5 4. O-O Nf6 5. c3 O-O 6. d3 h6 7. Be3 Bxe3 8. fxe3
Ng4 9. Qd2 d6 10. d4 Kh8 11. h3 Nf6 12. dxe5 Nxe5 13. Nxe5 dxe5 14. Qf2 Nxe4 15.
Qf3 Ng5 16. Qh5 Qe7 17. Nd2 Be6 18. b4 a6 19. Bxe6 Qxe6 20. Nf3 Ne4 21. Nxe5 Ng3
22. Nxf7+ Kg8 23. Nxh6+ gxh6 24. Rxf8+ Rxf8 25. a4 Qxe3+ 0-1

[Event "AUTO-OPEN-4653"]
[Site "http://www.queenalice.com/game.php?id=1873660"]
[Date "2026.5.21"]
[Round "1"]
[White "josebaron"]
[Black "EduardoRo"]
[Result "1-0"]
[WhiteElo "2197"]
[BlackElo "1781"]

1. e4 e5 2. Nf3 Nc6 3. Bb5 Nf6 4. Bxc6 dxc6 5. Nc3 Bc5 6. O-O Bd4 7. d3 Bxc3 8.
bxc3 Qe7 9. Re1 O-O 10. Bg5 Bg4 11. h3 Bxf3 12. Qxf3 Qd6 13. a4 b5 14. axb5 cxb5
15. Bxf6 Qxf6 16. Qxf6 gxf6 17. Ra6 Kg7 18. Re3 Rfb8 19. Rg3+ Kf8 20. f4 f5 21.
fxe5 fxe4 22. d4 b4 23. c4 Rb6 24. Ra5 Rg6 25. Rxg6 hxg6 26. Kf2 Ke7 27. Ke3 f5
28. exf6+ Kxf6 29. Kxe4 a6 30. h4 c6 31. g4 Ra7 32. g5+ Kf7 33. Ke5 Re7+ 34. Kd6
Re6+ 35. Kc5 Re2 36. Rxa6 Rxc2 37. Kxb4 Rh2 38. Rxc6 Rxh4 39. d5 Rd4 40. Rf6+
Kg7 41. Kb5 Rg4 42. Rf1 Rxg5 43. Kb6 Re5 44. d6 Re6 45. c5 g5 46. Kc7 g4 47. d7
1-0

[Event "AUTO-ADV-4937"]
[Site "http://www.queenalice.com/game.php?id=1873684"]
[Date "2026.5.21"]
[Round "1"]
[White "EduardoRo"]
[Black "game"]
[Result "1-0"]
[WhiteElo "1761"]
[BlackElo "1540"]

1. e4 c5 2. Nf3 d6 3. Bc4 Nc6 4. O-O e5 5. d3 Nf6 6. c3 Be7 7. Bg5 O-O 8. Nbd2
h6 9. Be3 Be6 10. Bxe6 fxe6 11. Nh4 d5 12. exd5 Nxd5 13. Ne4 Bxh4 14. Qg4 Be7
15. Bxh6 Rf7 16. Bg5 g6 17. Bxe7 Qxe7 18. a3 Rg7 19. b4 Rf8 20. Nxc5 Nf6 21.
Qxe6+ Rff7 22. Qxe7 Nxe7 23. Ne6 Rh7 24. Ng5 Rh5 25. Nxf7 Kxf7 26. h3 g5 27.
Rfe1 Ke6 28. d4 e4 29. f3 Ned5 30. c4 Nc3 31. a4 Kf5 32. g4+ Kf4 33. gxh5 Nxh5
34. Kg2 exf3+ 35. Kf2 Ne4+ 36. Rxe4+ Kxe4 37. d5 Nf6 38. Rd1 Kf4 39. d6 Ne4+ 40.
Kf1 Nxd6 41. Rxd6 Kg3 42. Rg6 Kf4 43. Rg7 Kf5 44. Rxb7 Kf4 45. Rxa7 Kg3 46. Rg7
1-0

[Event "AUTO-ADV-4937"]
[Site "http://www.queenalice.com/game.php?id=1873685"]
[Date "2026.5.21"]
[Round "1"]
[White "game"]
[Black "EduardoRo"]
[Result "0-1"]
[WhiteElo "1645"]
[BlackElo "1715"]

1. e4 e5 2. Nf3 Nc6 3. Bc4 Bc5 4. d3 Nf6 5. Ng5 O-O 6. O-O d5 7. Bb3 Bg4 8. Qd2
Nh5 9. exd5 Nb8 10. Qc3 Qe7 11. Ne4 Bd6 12. d4 exd4 13. Qxd4 Nf4 14. Re1 Bc5 15.
Qc3 Ne2+ 16. Rxe2 Bxe2 17. Nxc5 b6 18. Nb7 Ba6 19. d6 cxd6 20. Nxd6 Qxd6 21. Nd2
Nd7 22. g3 Rac8 23. Qe3 Ne5 24. Qf4 Bb7 25. Kf1 Ba6+ 26. Ke1 Rce8 27. Kd1 Bb7
28. Ke1 Nd3+ 0-1

[Event "AUTO-ADV-4937"]
[Site "http://www.queenalice.com/game.php?id=1873686"]
[Date "2026.5.21"]
[Round "1"]
[White "EduardoRo"]
[Black "Capixabba789"]
[Result "1-0"]
[WhiteElo "1728"]
[BlackElo "1890"]

1. e4 e5 2. Nf3 d6 3. Bc4 Be7 4. O-O Nf6 5. d3 O-O 6. Nc3 c5 7. Be3 Nc6 8. Ne2
Bd7 9. Ng3 Nd4 10. Bxd4 exd4 11. c3 b5 12. Bd5 Nxd5 13. exd5 dxc3 14. bxc3 a5
15. c4 b4 16. d4 Bf6 17. Rc1 Bg4 18. Qd3 Bxf3 19. Qxf3 Bxd4 20. Nf5 Qf6 21. Nxd4
Qxd4 22. Qg3 f5 23. Qxd6 f4 24. Qe6+ Kh8 25. Rc2 a4 26. Re2 Qxc4 27. Rfe1 h6 28.
d6 Qd4 29. Qg6 Qf6 30. Qxf6 Rxf6 31. Re8+ Rxe8 32. Rxe8+ Kh7 33. d7 Rd6 34. d8=Q
Rxd8 35. Rxd8 c4 36. Rd4 c3 37. Rxb4 c2 38. Rc4 1-0

[Event "AUTO-ADV-4937"]
[Site "http://www.queenalice.com/game.php?id=1873687"]
[Date "2026.5.21"]
[Round "1"]
[White "Capixabba789"]
[Black "EduardoRo"]
[Result "1-0"]
[WhiteElo "1784"]
[BlackElo "1713"]

1. d4 d5 2. Nc3 Nf6 3. e4 Nxe4 4. Nf3 Nxc3 5. bxc3 e6 6. a4 Bd6 7. Bd3 Nc6 8.
O-O O-O 9. Bxh7+ Kxh7 10. Ng5+ Qxg5 11. Bxg5 f6 12. Qh5+ Kg8 13. Be3 e5 14. dxe5
Bxe5 15. f4 Bd6 16. Qxd5+ Kh8 17. Bc5 Bxc5+ 18. Qxc5 Bg4 19. Rab1 Rab8 20. Rfe1
a6 21. Rxb7 Rxb7 22. Qxf8+ Kh7 23. h3 Bh5 24. Qc8 Rb2 25. Qxc7 Be8 26. Rxe8 1-0